000 002710000a22000970004500
100 1 _aKraft, Charles H. (1924- )
245 1 0 _aContextualisation theory in Euro-american missiology
300 _aNúm 80 (1997), Páginas 10-11
773 0 _tWorld Evangelization
942 _cANA
999 _c57497
_d57497